01956nam a22002537a 4500003000900000005001700009008003000026020001800056040002200074082002800096100002800124245009900152260003400251300003100285505077000316520040301086650003001489650002401519650003101543650002601574650002901600700003901629700003401668DO-SdBNP20240621121604.0170112b2012 sp a 00| 0 spa d a9788449435379 aBPMSUbspacBPMSU 4a372.21 bA283m 20122221 aAguilar, Marcelaeautor10aManual de la maestra de preescolar /cMarcela Aguilar, Mirta Gloria Fenández, Lucas Pacheco  aBarcelona :bOcéano, c2012 a592 p. :bil. ; c26 cm. 0 aEl jardín maternal.-- El niño de 45 días a 24 meses.-- Recursos.-- El jardín de infancia.-- Desarrollos teóricos.-- Didáctica de las matemáticas.-- Didáctica de la lengua.-- Didáctica de las ciencias naturales.-- Didáctica de la tecnología.-- Didáctica de las ciencias sociales.-- Yo, tú, nosotros.-- Recuerdos de otros tiempos.-- Somos constructores.-- Sensación y sentimientos.-- Trabajos, maquinas y herramientas.-- De la tierra a la luna.-- A valorar.-- Recursos.-- Aprendemos a cuidarnos.-- El agua.-- Recursos.-- Pelos, plumas o escamas.-- mensajes y mensajes.-- El campo.-- La ciudad.-- Pinceles.-- caballetes y cinceles.-- Señoras y señores con ustedes.-- Y sonó la orquesta.-- La evaluación de la educación en valores. aLa presente obra es una propuesta teórica y práctica exclusivamente dedicada al perfeccionamiento y actualización del docente de nivel inicial. La misma aborda, fundamentalmente, la problemática surgida frente a los últimos cambios didácticos-pedagógicos, con la aparición en el ámbito educativo de una nueva infancia y la dificultad que tienen muchos maestros para hacerle frente 4aEducación preescolarv  4aJardines infantiles 4a Didáctica pedagógica  4a Manual de preescolar 4a Psicología educativa 1 aGonzález, Adriana eselección 1 aHernández, Mariela, eed.